En torno a la planificación regional en América Latina

Salvato in:
Dettagli Bibliografici
Autore principale: Castillo, Manuel Angel
Ente Autore: Universidad de San Carlos. Centro de Estudios Urbano y Regionales
Natura: testo
Pubblicazione: Guatemala: Centro de Estudios Urbanos y Regionales
Tags: Aggiungi Tag
Nessun Tag, puoi essere il primo ad aggiungerne!!

MARC

LEADER 00000 a a2200000 04500
001 21368
003
040
090 |a 093800  
100 |a Castillo, Manuel Angel  
110 |a Universidad de San Carlos. Centro de Estudios Urbano y Regionales  
245 |a En torno a la planificación regional en América Latina  
260 |a Guatemala:   |b Centro de Estudios Urbanos y Regionales  
300 |a 25 p.  
999 |c 11260  |d 11260